| 000 | 00484nam a2200121 a 4500 | ||
|---|---|---|---|
| 008 | 120416s1961 ||||||||||||||||| || u | ||
| 050 | _aTN 271.P4 Pet | ||
| 245 | 0 | 0 |
_aPetroleum exploration handbook _cedited by Graham B. Moody |
| 260 |
_aNew York _bMcGraw-Hill _c1961 |
||
| 300 | _a1v in various pagings : ill. | ||
| 350 | _a0.00 | ||
| 995 |
_D0.00 _FCBU-MAIN LIBRARY (Kitwe) _H1 _I59.00 _UAVAILABLE _ZMain Library Open Access Collection |
||
| 999 |
_c53452 _d53452 |
||